|
|
|
|
| LEADER |
00000nab a22000001a 4500 |
| 001 |
vtls010173801 |
| 003 |
SK-MaSNL |
| 005 |
20260303081453.0 |
| 008 |
100930d192411 xo |r|p|||| |000 b|slo |
| 015 |
|
|
|a SNBRRBVU1918-1938
|
| 038 |
|
|
|a SNKBUCL
|
| 038 |
|
|
|a SNKBUVU
|
| 040 |
|
|
|a SNKBUVU
|b slo
|c SNKBUCL
|e AACR2
|
| 041 |
0 |
|
|a slo
|
| 044 |
|
|
|a xo
|c SK
|
| 080 |
|
|
|a 766
|2 1997
|
| 100 |
1 |
|
|a Völkel, Jozef,
|d 1882-1939
|4 aut
|9 560517
|
| 245 |
1 |
0 |
|a Ex libris
|c Jozef Völkel
|
| 650 |
0 |
7 |
|a slovenská grafika
|2 MM
|9 31108
|
| 650 |
0 |
7 |
|a exlibris
|2 snkbucl
|9 26526
|
| 655 |
|
7 |
|a reprodukcie výtvarných diel
|2 MM
|9 310790
|
| 773 |
0 |
|
|t Slovenská grafika
|g Roč. 4, č. 11-12 (1924), s. príloha
|
| 852 |
|
|
|a SNK
|b KIS3GCP
|
| 910 |
|
|
|a snkrbvumm
|
| 958 |
|
|
|a VY
|
| 999 |
|
|
|c 1784841
|d 1786771
|